Statistics for Arizona Coyotes Roster 2022

Click here to take the quiz!

General Stats

  • This quiz has been taken 432 times
    (149 since last reset)
  • The average score is 9 of 23

Answer Stats

Pos, #BirthplacePlayer% Correct
F, 9Missouri, USAClayton Keller
98%
F, 67Ontario, CANLawson Crouse
66%
G, 70Vysočina, CZEKarel Vejmelka
63%
F, 29Ontario, CANBarrett Hayton
56%
F, 8Wisconsin, USANick Schmaltz
55%
F, 63Varsinais-Suomi, FINMatias Maccelli
53%
D, 14Florida, USAShayne Gostisbehere
52%
D, 4Pirkanmaa, FINJuuso Välimäki
51%
G, 39Saskatchewan, CANConnor Ingram
43%
F, 44Ontario, CANZack Kassian
42%
D, 62Bern, SUIJanis Moser
40%
F, 72Minnesota, USATravis Boyd
38%
F, 36Illinois, USAChristian Fischer
35%
F, 38Nova Scotia, CANLiam O'Brien
28%
D, 2Stockholm, SWEPatrik Nemeth
28%
F, 11Alberta, CANDylan Guenther
27%
F, 22Ontario, CANJack McBain
26%
F, 12Ontario, CANNick Ritchie
26%
F, 17Minnesota, USANick Bjugstad
24%
D, 61British Columbia, CANDysin Mayo
23%
D, 3Ontario, CANJosh Brown
20%
D, 51British Columbia, CANTroy Stecher
19%
D, 25Ontario, CANConor Timmins
12%

Score Distribution

Percentile by Number Answered

Percent of People with Each Score

Your Score History

You have not taken this quiz since the last reset